[Event "Moscow Open 2009 A"]
[Site ""]
[Date "2009.02.08"]
[Round "9.101"]
[White "Arslanov, Shamil"]
[Black "Galkin, Vladimir"]
[Result "1-0"]
[WhiteElo "2316"]
[BlackElo "2194"]
[Annotator ""]
[Source ""]
[Remark ""]

1.e4 e5 2.Nf3 Nf6 3.Nc3 d6 4.d4 Qe7 5.Be2 Bg4 6.O-O Nbd7 7.Re1
c6 8.a4 g6 9.Be3 Bg7 10.h3 Bxf3 11.Bxf3 O-O 12.g4 Ne8 13.Bg2
Nc7 14.f4 Ne6 15.fxe5 dxe5 16.d5 Nf4 17.Qd2 Nb6 18.Qf2 Rfd8 19.a5
Nc4 20.Bc5 Qg5 21.b3 b6 22.bxc4 bxc5 23.Qg3 cxd5 24.h4 Qf6 25.Nxd5
Qa6 26.Bf1 Rab8 27.g5 Rf8 28.Ra3 Nh5 29.Qe3 Qe6 30.Rd3 Kh8 31.Bh3
Qa6 32.Qxc5 Nf4 33.Rf3 Ne6 34.Bxe6 Qxe6 35.Rg3 1-0

[Event "Moscow Open 2009 A"]
[Site ""]
[Date "2009.02.08"]
[Round "9.102"]
[White "Rzayev, Bahruz"]
[Black "Mokshanov, Alexey"]
[Result "1-0"]
[WhiteElo "2313"]
[BlackElo "2185"]
[Annotator ""]
[Source ""]
[Remark ""]

1.e4 e6 2.d3 d5 3.Nd2 Nf6 4.Ngf3 c5 5.g3 Nc6 6.Bg2 Be7 7.O-O
Qc7 8.Re1 b6 9.e5 Nd7 10.Qe2 Bb7 11.Nf1 O-O-O 12.c3 h6 13.d4
g5 14.Be3 Rdg8 15.N3d2 h5 16.Rec1 Kb8 17.h3 f6 18.exf6 Bxf6 19.dxc5
bxc5 20.Nb3 Nce5 21.Nfd2 Ka8 22.a4 Re8 23.Qb5 a6 24.Qa5 Qc8 25.Nxc5
Bd8 26.Nxb7 Bxa5 27.Nxa5 Qc7 28.Ndb3 g4 29.c4 Nf3+ 30.Bxf3 gxf3
31.cxd5 Qe5 32.Bd4 Qf5 33.Rc7 Nc5 34.Bxc5 Rh7 35.Rxh7 Qxh7 36.d6
Rg8 37.Kh2 Qe4 38.Rg1 Qd5 39.Be3 Qxd6 40.Nc4 Qb4 1-0

[Event "Moscow Open 2009 A"]
[Site ""]
[Date "2009.02.08"]
[Round "9.103"]
[White "Yeo, Michael J"]
[Black "Leontiev, Aleksandr V"]
[Result "1/2-1/2"]
[WhiteElo "2120"]
[BlackElo "2309"]
[Annotator ""]
[Source ""]
[Remark ""]

1.e4 c6 2.d4 d5 3.e5 Bf5 4.Nc3 h5 5.Be2 c5 6.dxc5 e6 7.Be3 Nd7
8.Nf3 Nxc5 9.O-O a6 10.Nd4 Bg6 11.f4 Ne7 12.f5 Bxf5 13.Bxh5 Bg6
14.Bg4 Nc6 15.Nxc6 bxc6 16.Kh1 Rb8 17.b3 Qh4 18.h3 Qg3 19.Qf3
Qxf3 20.Bxf3 Nd7 21.Rf2 Nxe5 22.Bf4 Bd6 23.Re2 f6 24.Rae1 Bb4
25.Rxe5 fxe5 26.Bxe5 Bxc3 27.Bxc3 Kf7 28.Rg1 Kg8 29.Bg4 Re8 30.Re1
Be4 31.Re3 Kf7 32.Be2 Rh6 33.Bxa6 Ra8 34.Bd3 Bxd3 35.cxd3 Rxa2
36.Rf3+ Kg8 1/2-1/2

[Event "Moscow Open 2009 A"]
[Site ""]
[Date "2009.02.08"]
[Round "9.104"]
[White "Biryukov, Dmitriy"]
[Black "Apryshko, Gleb"]
[Result "1-0"]
[WhiteElo "2357"]
[BlackElo "2074"]
[Annotator ""]
[Source ""]
[Remark ""]

1.e4 e5 2.Nf3 Nc6 3.Bb5 Bc5 4.O-O Nd4 5.Nxd4 Bxd4 6.c3 Bb6 7.d4
c6 8.Ba4 d6 9.Na3 Nf6 10.Bg5 O-O 11.dxe5 dxe5 12.Qf3 h6 13.Rad1
Qe7 14.Bxf6 Qxf6 15.Qxf6 gxf6 16.Nc4 Bc7 17.Ne3 Be6 18.Bb3 Rad8
19.Rxd8 Rxd8 20.Bxe6 fxe6 21.Rd1 Rxd1+ 22.Nxd1 Bb6 23.Kf1 f5
24.f3 Kf7 25.b3 Kf6 26.Nb2 Ba5 27.c4 Bc3 28.Nd3 Bd4 29.Nc1 a5
30.Ne2 Be3 31.Ke1 Kg5 32.Kd1 h5 33.Kc2 Bf4 34.h3 Be3 35.Kd3 Bc5
36.g3 Bf2 37.a3 b6 38.Kd2 fxe4 39.fxe4 Bxg3 40.Nxg3 Kh4 41.Nf1
Kxh3 42.Ke2 1-0

[Event "Moscow Open 2009 A"]
[Site ""]
[Date "2009.02.08"]
[Round "9.105"]
[White "Kolomensky, Vladimir"]
[Black "Obodchuk, Andrei"]
[Result "1/2-1/2"]
[WhiteElo "2253"]
[BlackElo "2445"]
[Annotator ""]
[Source ""]
[Remark ""]

1.e4 c5 2.Nf3 Nc6 3.d4 cxd4 4.Nxd4 Nf6 5.Nc3 d6 6.Be2 e6 7.O-O
a6 8.Kh1 Bd7 9.f4 Rc8 10.Be3 b5 11.a3 Be7 12.Qe1 O-O 13.Qg3 e5
14.Nxc6 Bxc6 15.fxe5 Nxe4 16.Nxe4 Bxe4 17.c3 dxe5 18.Qxe5 Bc2
19.Bf3 Bf6 20.Qh5 Re8 21.Bf4 Qe7 22.Bg3 Rc5 23.Qg4 Rc4 24.Rfe1
Rxg4 25.Rxe7 Rxe7 26.Bxg4 g6 27.Re1 Rxe1+ 28.Bxe1 Bg5 1/2-1/2

[Event "Moscow Open 2009 A"]
[Site ""]
[Date "2009.02.08"]
[Round "9.106"]
[White "Davydov, Sergey P"]
[Black "Vorobjov, Denis S"]
[Result "1/2-1/2"]
[WhiteElo "2342"]
[BlackElo "2259"]
[Annotator ""]
[Source ""]
[Remark ""]

1.Nf3 d5 2.d4 Nf6 3.g3 g6 4.Bg2 Bg7 5.c4 O-O 6.cxd5 Nxd5 7.O-O
Nb6 8.Nc3 Nc6 9.d5 Na5 10.Nd4 c6 11.e4 cxd5 12.exd5 e6 13.Nb3
Nxb3 14.axb3 exd5 15.Nxd5 Be6 16.Nxb6 Qxb6 17.Be3 Qb5 18.Rxa7
Rxa7 19.Bxa7 Bxb2 20.Qf3 b6 21.Qe3 Qxb3 22.Qxb3 Bxb3 23.Rb1 Rc8
24.Bxb6 Rc1+ 25.Rxc1 Bxc1 1/2-1/2

[Event "Moscow Open 2009 A"]
[Site ""]
[Date "2009.02.08"]
[Round "9.107"]
[White "Zhidkov, Valery S"]
[Black "Rettore, Ludwig"]
[Result "1-0"]
[WhiteElo "2341"]
[BlackElo "2178"]
[Annotator ""]
[Source ""]
[Remark ""]

1.Nf3 Nf6 2.c4 d6 3.d4 Nbd7 4.Bf4 g6 5.h3 Bg7 6.Nc3 O-O 7.e3
c5 8.Be2 cxd4 9.exd4 b6 10.O-O Bb7 11.d5 Nc5 12.Re1 Nfe4 13.Nxe4
Nxe4 14.Qc2 Nc5 15.Rad1 Rc8 16.Bg5 Re8 17.Nd4 Nd7 18.Qd2 Nf6
19.Qf4 a6 20.a4 Nd7 21.b3 Nc5 22.Qe3 Rc7 23.Bf3 Qa8 24.Nc6 e5
25.a5 bxa5 26.Nxa5 f5 27.b4 Na4 28.Qb3 Nb2 29.Qxb2 e4 30.Qb3
exf3 31.Qxf3 Be5 1-0

[Event "Moscow Open 2009 A"]
[Site ""]
[Date "2009.02.08"]
[Round "9.109"]
[White "Oganisjn, Roman"]
[Black "Tkachuk, Andrey"]
[Result "0-1"]
[WhiteElo "2321"]
[BlackElo "2150"]
[Annotator ""]
[Source ""]
[Remark ""]

1.d4 Nf6 2.c4 g6 3.Nc3 d5 4.cxd5 Nxd5 5.Bd2 Bg7 6.e4 Nxc3 7.Bxc3
O-O 8.Bc4 c5 9.d5 Bxc3+ 10.bxc3 Qa5 11.Qd2 b5 12.Be2 Nd7 13.Nf3
Nf6 14.Bd3 Rd8 15.O-O Kg7 16.Ne5 Bb7 17.Rfb1 c4 18.Bc2 e6 19.d6
Rac8 20.a4 b4 21.Qd4 Qc5 22.Rxb4 Qxd4 23.cxd4 Bxe4 24.Bxe4 Nxe4
25.Nxc4 Nxd6 26.Nxd6 Rxd6 27.a5 Rcd8 28.f3 Rxd4 29.Rb7 R8d7 30.a6
R4d6 31.Kf2 Rxa6 0-1

[Event "Moscow Open 2009 A"]
[Site ""]
[Date "2009.02.08"]
[Round "9.110"]
[White "Tappyrov, Vladimir"]
[Black "Ezhikov, Vitaly"]
[Result "1-0"]
[WhiteElo "2317"]
[BlackElo "2136"]
[Annotator ""]
[Source ""]
[Remark ""]

1.d4 Nf6 2.c4 g6 3.Nc3 Bg7 4.e4 d6 5.Nf3 O-O 6.Be2 e5 7.O-O Nc6
8.dxe5 dxe5 9.Bg5 Qxd1 10.Rfxd1 Bg4 11.Nd2 Bxe2 12.Nxe2 h6 13.Be3
Rfd8 14.Nc3 Nb4 15.Nd5 Nc2 16.Rac1 Nxe3 17.fxe3 c6 18.Nxf6+ Bxf6
19.c5 Rd7 20.Nc4 Rad8 21.Rxd7 Rxd7 22.Kf1 Kf8 23.Ke2 Ke7 24.b4
Ke6 25.Rc3 Bd8 26.Ra3 a6 27.Rd3 Rxd3 28.Kxd3 Bc7 29.Ke2 Ke7 30.Kf3
Ke6 31.h3 f6 32.h4 h5 33.g4 Ke7 34.a3 Ke6 35.gxh5 gxh5 36.Nd2
Bd8 37.Nf1 f5 38.Ng3 fxe4+ 39.Kxe4 Bxh4 40.Nxh5 Bf6 41.Ng3 Bd8
42.Nf5 Bc7 43.Ng7+ Kf7 44.Nh5 Ke6 45.Kd3 Bd8 46.Ng7+ Kf7 47.Nf5
Bc7 48.e4 Ke6 49.Ne3 b5 50.cxb6 Bxb6 51.Nc4 Bd4 52.a4 Kd7 53.Na5
Bb6 54.Nb3 Kd6 55.Kc4 Ba7 56.Nd2 Be3 57.Nf3 Bf2 58.Ng5 Be3 59.Nf7+
Ke6 60.Nd8+ Kd7 61.Nb7 Kc7 62.Nc5 Bxc5 63.Kxc5 1-0

[Event "Moscow Open 2009 A"]
[Site ""]
[Date "2009.02.08"]
[Round "9.111"]
[White "Zhadanov, Nikolay"]
[Black "Losev, Dmitry"]
[Result "1-0"]
[WhiteElo "2226"]
[BlackElo "2313"]
[Annotator ""]
[Source ""]
[Remark ""]

1.e4 c5 2.Nf3 d6 3.d4 cxd4 4.Nxd4 Nf6 5.Nc3 e6 6.Be3 Nc6 7.Be2
Be7 8.O-O O-O 9.f4 Nxd4 10.Bxd4 Bd7 11.Kh1 Bc6 12.Bd3 Nd7 13.Qe1
e5 14.Be3 exf4 15.Bxf4 Ne5 16.Rd1 Bh4 17.Qe2 Qe7 18.Bxe5 dxe5
19.Bc4 g6 20.Nd5 Bxd5 21.Bxd5 Kg7 22.g3 Bg5 23.h4 Bh6 24.Rd3
{çàïèñü íåÿñíà} 1-0

[Event "Moscow Open 2009 A"]
[Site ""]
[Date "2009.02.08"]
[Round "9.112"]
[White "Stoletov, Gennadi"]
[Black "Meribanov, Vitaly"]
[Result "0-1"]
[WhiteElo "2306"]
[BlackElo "2125"]
[Annotator ""]
[Source ""]
[Remark ""]

1.Nf3 Nf6 2.b3 g6 3.Bb2 Bg7 4.e3 O-O 5.Be2 d5 6.O-O c5 7.c4 d4
8.exd4 Ne8 9.d3 Nc6 10.a3 Nxd4 11.Nxd4 Bxd4 12.Bxd4 Qxd4 13.Nd2
e5 14.b4 cxb4 15.axb4 Nc7 16.Nf3 Qd6 17.Qb1 Ne6 18.Ra5 f6 19.Rd1
b6 20.Ra2 Bb7 21.Ne1 Nd4 22.Bf1 a6 23.Nc2 Ne6 24.Rb2 Rad8 25.Ne3
Qc7 26.Rc1 Rd7 27.h3 Kg7 28.Rb3 f5 29.Rbc3 f4 30.Nd5 Qd6 31.Qa2
Nd4 32.f3 Rc8 33.Qb2 Bxd5 34.cxd5 Rxc3 35.Qxc3 Qxd5 36.Qc4 Qb5
37.Ra1 Ra7 38.Qxb5 Nxb5 39.d4 Nxd4 40.Rxa6 Rxa6 41.Bxa6 Nc2 42.b5
Kf6 43.Kf2 Nd4 44.h4 Nf5 45.h5 g5 46.Bc8 Ng3 0-1

[Event "Moscow Open 2009 A"]
[Site ""]
[Date "2009.02.08"]
[Round "9.113"]
[White "Solovjev, Nikolay"]
[Black "Sidorovsky, Evgeny"]
[Result "1-0"]
[WhiteElo "2304"]
[BlackElo "1400"]
[Annotator ""]
[Source ""]
[Remark ""]

1.d4 d5 2.c4 e6 3.Nc3 Nf6 4.Bf4 c6 5.e3 Bd6 6.Bg5 Nbd7 7.cxd5
exd5 8.Bd3 O-O 9.Qc2 h6 10.Bh4 Re8 11.Nf3 Be7 12.O-O Ne4 13.Bxe4
Bxh4 14.Bd3 Be7 15.Rab1 Bd6 16.b4 a6 17.a4 Nf6 18.b5 axb5 19.axb5
Bg4 20.Nd2 Nh5 21.g3 Qg5 22.f4 Qf6 23.Rbe1 Rxe3 24.Rxe3 Qxd4
25.Rfe1 Nf6 26.Nb3 Qb6 27.Qf2 Be6 28.R3e2 1-0

[Event "Moscow Open 2009 A"]
[Site ""]
[Date "2009.02.08"]
[Round "9.114"]
[White "Antipov, Mikhail Al"]
[Black "Korovianski, Dmitry"]
[Result "0-1"]
[WhiteElo "2194"]
[BlackElo "2281"]
[Annotator ""]
[Source ""]
[Remark ""]

1.e4 c5 2.Nf3 Nc6 3.Bb5 e6 4.b3 d6 5.O-O e5 6.Bb2 Nf6 7.d3 Be7
8.Nbd2 O-O 9.Bxc6 bxc6 10.Qe2 Nh5 11.Nc4 f5 12.Bc1 Qe8 13.exf5
Bxf5 14.Be3 Bg4 15.Ncd2 Qg6 16.Kh1 Nf4 17.Bxf4 Rxf4 18.Qe1 Qh6
19.Ng1 Rf5 20.h3 Raf8 21.f3 Bh4 22.Qd1 Bh5 23.g4 Bxg4 24.fxg4
Rxf1 25.Nxf1 Rf2 26.g5 Bxg5 27.Qg4 Qf6 28.Nh2 Qf4 29.Ngf3 Qxg4
30.hxg4 Bf4 31.c4 d5 32.Re1 Rxa2 33.cxd5 cxd5 34.Nf1 Rf2 35.Nh4
Kf7 36.Kg1 Rb2 37.Ra1 Rxb3 38.Rxa7+ Kf6 39.Nf5 g6 40.Ra6+ Kg5
41.Ng7 Rxd3 42.Ne6+ Kxg4 43.Nxc5 0-1

[Event "Moscow Open 2009 A"]
[Site ""]
[Date "2009.02.08"]
[Round "9.115"]
[White "Kurdakov, Yuri"]
[Black "Gnydka, Yaroslav"]
[Result "1/2-1/2"]
[WhiteElo "2277"]
[BlackElo "2098"]
[Annotator ""]
[Source ""]
[Remark ""]

1.Nf3 d5 2.g3 Nf6 3.Bg2 Bg4 4.c4 c6 5.Ne5 Bf5 6.Qb3 Nbd7 7.d4
Qb6 8.Nc3 e6 9.Nxd7 Nxd7 10.Qxb6 Nxb6 11.c5 Nd7 12.b4 Be7 13.Kd2
Bf6 14.e3 e5 15.Ne2 a5 16.Ba3 O-O 17.b5 Rfe8 18.Rac1 Rad8 19.b6
Bg4 20.f3 exd4 21.exd4 Bg5+ 22.Nf4 Bf5 23.Rhe1 Nf8 24.Rxe8 Rxe8
25.Re1 Rxe1 26.Kxe1 Bxf4 27.gxf4 Ne6 28.Bb2 Nxf4 29.Bf1 Bd3 30.Bc1
Bxf1 31.Bxf4 Bc4 32.a4 Bb3 33.Bd2 Bxa4 34.Bxa5 f5 1/2-1/2

[Event "Moscow Open 2009 A"]
[Site ""]
[Date "2009.02.08"]
[Round "9.116"]
[White "Pasiev, Rakhim"]
[Black "Khojayan, Vardan"]
[Result "1/2-1/2"]
[WhiteElo "2152"]
[BlackElo "2272"]
[Annotator ""]
[Source ""]
[Remark ""]

1.f4 d5 2.Nf3 c5 3.e3 Nf6 4.b3 e6 5.Bb2 Be7 6.Be2 O-O 7.O-O Nc6
8.Qe1 Nd7 9.d4 Qc7 10.Qd2 Nf6 11.c3 a6 12.Bd3 b5 13.Qe2 b4 14.c4
Bb7 15.Nbd2 cxd4 16.Nxd4 dxc4 17.Nxc4 Nd5 18.Nxc6 Bxc6 19.Bxh7+
Kxh7 20.Qh5+ Kg8 21.Bxg7 Kxg7 22.Qg4+ 1/2-1/2

[Event "Moscow Open 2009 A"]
[Site ""]
[Date "2009.02.08"]
[Round "9.117"]
[White "Reprintsev, Alexander"]
[Black "Marchuk, Maxim"]
[Result "1-0"]
[WhiteElo "2400"]
[BlackElo "1400"]
[Annotator ""]
[Source ""]
[Remark ""]

1.e4 e6 2.Qe2 b6 3.b3 Bb7 4.Bb2 d6 5.f4 Nd7 6.Nf3 Ngf6 7.Nc3
Nc5 8.d3 a5 9.O-O-O a4 10.g4 axb3 11.axb3 Nxg4 12.d4 Nd7 13.Rg1
Ngf6 14.h4 Qe7 15.Bh3 d5 16.e5 Ne4 17.Nxe4 dxe4 18.Ng5 O-O-O
19.f5 exf5 20.Bxf5 h6 21.Nxe4 Qxh4 22.Rdf1 g6 23.Bg4 h5 24.Bf3
Bh6+ 25.Kb1 Nf8 26.d5 Bg7 27.d6 c6 28.Ng5 Rd7 29.Qg2 Bh6 1-0

[Event "Moscow Open 2009 A"]
[Site ""]
[Date "2009.02.08"]
[Round "9.118"]
[White "Sergienko, Sergey"]
[Black "Gurkin, A"]
[Result "1-0"]
[WhiteElo "2434"]
[BlackElo "2176"]
[Annotator ""]
[Source ""]
[Remark ""]

1.e4 c5 2.Nf3 Nc6 3.Bb5 g6 4.Bxc6 bxc6 5.O-O Bg7 6.Re1 e5 7.c3
d5 8.d4 cxd4 9.cxd4 f6 10.h3 Be6 11.Nc3 Ne7 12.b3 O-O 13.Ba3
Rf7 14.dxe5 dxe4 15.Na4 Bh6 16.Nc5 Qc8 17.Nh2 Bf8 18.Rc1 f5 19.f3
exf3 20.Nxf3 Bh6 1-0

[Event "Moscow Open 2009 A"]
[Site ""]
[Date "2009.02.08"]
[Round "9.119"]
[White "Semin, Gennadiy"]
[Black "Demin, Alexandr"]
[Result "0-1"]
[WhiteElo "2171"]
[BlackElo "2417"]
[Annotator ""]
[Source ""]
[Remark ""]

1.d4 Nf6 2.c4 g6 3.Nf3 Bg7 4.Nc3 d6 5.e4 O-O 6.Be2 Nbd7 7.e5
Ne8 8.Bg5 c5 9.Nd5 f6 10.Bh4 cxd4 11.exd6 e5 12.c5 Nxd6 13.cxd6
Qa5+ 14.Nd2 Kh8 15.Nc7 Rb8 16.O-O b5 17.a4 Qb4 18.Ne6 d3 19.Nxf8
dxe2 20.Qxe2 Bxf8 21.Ne4 f5 22.Nf6 Qxh4 23.Nxd7 Bxd7 24.Qxe5+
Bg7 25.Qc5 bxa4 26.Qxa7 Rd8 27.Rfe1 Bd4 28.g3 Qxh2+ 29.Kxh2 Bxa7
30.Re7 Bd4 31.Rae1 Bf6 32.Rf7 Kg8 0-1

[Event "Moscow Open 2009 A"]
[Site ""]
[Date "2009.02.08"]
[Round "9.120"]
[White "Chizhikov, Vladislav"]
[Black "Kachko, Alexander"]
[Result "1/2-1/2"]
[WhiteElo "2167"]
[BlackElo "2401"]
[Annotator ""]
[Source ""]
[Remark ""]

1.e4 Nc6 2.d4 e5 3.dxe5 Nxe5 4.Nf3 Nxf3+ 5.Qxf3 Qf6 6.Qg3 Qg6
7.Bd3 Qxg3 8.hxg3 Bc5 9.e5 h6 10.Bd2 Ne7 11.f4 d5 12.Nc3 a6 13.Rh4
c6 14.g4 Ng6 15.Bxg6 fxg6 16.g5 Be7 17.Rh2 Kf7 18.O-O-O d4 19.Ne4
Bf5 20.Nd6+ Ke6 21.gxh6 Bxd6 22.exd6 Rxh6 23.Ba5 Kxd6 24.Rxd4+
Kc5 25.c3 1/2-1/2

[Event "Moscow Open 2009 A"]
[Site ""]
[Date "2009.02.08"]
[Round "9.122"]
[White "Vakhlamov, Igor L"]
[Black "Gershkowich, David"]
[Result "1/2-1/2"]
[WhiteElo "2127"]
[BlackElo "2360"]
[Annotator ""]
[Source ""]
[Remark ""]

1.e4 c5 2.Nf3 d6 3.d4 cxd4 4.Qxd4 Nc6 5.Bb5 Bd7 6.Bxc6 Bxc6 7.Nc3
Nf6 8.Bg5 e6 9.O-O-O Be7 10.Rhe1 O-O 11.e5 dxe5 12.Nxe5 Qxd4
13.Rxd4 Bxg2 14.Nd7 Bc6 15.Nxf8 Rxf8 16.Rg1 Rc8 17.Nd1 Kf8 18.Ne3 1/2-1/2

[Event "Moscow Open 2009 A"]
[Site ""]
[Date "2009.02.08"]
[Round "9.123"]
[White "Kaljaev, Viacheslav"]
[Black "Cherenkova, Kristina"]
[Result "0-1"]
[WhiteElo "2106"]
[BlackElo "2270"]
[Annotator ""]
[Source ""]
[Remark ""]

1.d4 Nf6 2.Nf3 g6 3.b3 Bg7 4.Bb2 O-O 5.e3 d6 6.Be2 Nbd7 7.O-O
c6 8.Nbd2 Qc7 9.c4 e5 10.dxe5 dxe5 11.Qc2 Re8 12.e4 Nf8 13.c5
N6d7 14.Rfc1 Ne6 15.b4 Rd8 16.Bc4 Ndf8 17.a4 Nd4 18.Nxd4 exd4
19.Bd3 Be6 20.b5 Rac8 21.Nc4 Bxc4 22.Qxc4 Ne6 23.Ba3 Bf8 24.Bb4
cxb5 25.axb5 Bxc5 26.Bxc5 Qxc5 27.g3 Qxc4 28.Rxc4 Nc5 29.Bc2
d3 30.Bd1 d2 31.Kf1 Nxe4 32.Rxc8 Rxc8 33.Rxa7 Nc3 34.Rxb7 Nxd1 0-1

[Event "Moscow Open 2009 A"]
[Site ""]
[Date "2009.02.08"]
[Round "9.124"]
[White "Biryukov, Mikhail"]
[Black "Markevich, Arseniy"]
[Result "1/2-1/2"]
[WhiteElo "2257"]
[BlackElo "2116"]
[Annotator ""]
[Source ""]
[Remark ""]

1.e4 e6 2.d4 d5 3.e5 c5 4.c3 Nc6 5.Nf3 Qa5 6.dxc5 Qxc5 7.Be3
Qa5 8.Bd3 Nge7 9.O-O Qc7 10.Re1 Ng6 11.Nd4 Ncxe5 12.Nb5 Qb8 13.Bc2
Bd7 14.N5a3 Bd6 15.f4 Nc6 16.g3 b5 17.Qe2 a6 18.Nd2 O-O 19.Nf3
Na5 20.b4 Rc8 21.Nb1 Nc4 22.Bd4 a5 23.Ng5 Be7 24.Qh5 Bxg5 25.Qxg5
axb4 26.h4 f6 27.Qh5 Be8 28.cxb4 Na3 29.Nxa3 Rxa3 30.Bb3 1/2-1/2

[Event "Moscow Open 2009 A"]
[Site ""]
[Date "2009.02.08"]
[Round "9.125"]
[White "Elishev, Ivan"]
[Black "Kanygin, Nikolai N"]
[Result "1-0"]
[WhiteElo "2239"]
[BlackElo "2106"]
[Annotator ""]
[Source ""]
[Remark ""]

1.e4 c5 2.Nf3 Nc6 3.d4 cxd4 4.Nxd4 e5 5.Nb5 a6 6.Nd6+ Bxd6 7.Qxd6
Qf6 8.Qa3 Qg6 9.Be3 Nge7 10.Nc3 O-O 11.O-O-O Re8 12.Nb5 Rb8 13.Nd6
h6 14.f3 Nd4 15.c3 Ne6 16.g4 Qf6 17.Be2 Ng6 18.Kb1 Ngf4 19.Bc4
Qh4 20.Bf1 g6 21.Nc4 h5 22.Qd6 Ra8 23.gxh5 Qxh5 24.Nxe5 f6 25.Ng4
f5 26.exf5 Qxf5+ 27.Bd3 Qh5 28.Bc4 Kg7 29.Bxe6 Nxe6 30.Bd4+ Nxd4
31.Qxd4+ Kf7 1-0

[Event "Moscow Open 2009 A"]
[Site ""]
[Date "2009.02.08"]
[Round "9.126"]
[White "Mingaleev, Ildar"]
[Black "Gordievsky, Dmitry"]
[Result "0-1"]
[WhiteElo "2009"]
[BlackElo "2207"]
[Annotator ""]
[Source ""]
[Remark ""]

1.e4 c5 2.Nf3 d6 3.d4 cxd4 4.Nxd4 Nf6 5.Nc3 a6 6.a4 Nbd7 7.Nb3
g6 8.Be2 Bg7 9.O-O O-O 10.Be3 b6 11.f3 Bb7 12.Qd2 Re8 13.Rad1
Qc7 14.g4 Ne5 15.Rf2 Rac8 16.h3 Red8 17.g5 Nfd7 18.Bd4 Nc5 19.Qe3
Ned7 20.Bxg7 Kxg7 21.Nd5 Bxd5 22.exd5 Nxb3 23.cxb3 a5 24.Ba6
Ra8 25.Rc1 Nc5 26.Bb5 e6 27.f4 Ra7 28.h4 Qe7 29.Re1 Qf8 30.h5
Kg8 31.Bc4 Re8 32.f5 gxf5 33.Rxf5 exf5 34.Qxe8 Qxe8 35.Rxe8+
Kg7 36.h6+ Kg6 37.Rg8+ Kh5 38.Rg7 Ra8 39.Rxh7 Kxg5 40.Rxf7 Kg6
41.Rc7 Kxh6 0-1

[Event "Moscow Open 2009 A"]
[Site ""]
[Date "2009.02.08"]
[Round "9.127"]
[White "Gorin, Alexandr"]
[Black "Kotov, Alexander"]
[Result "1/2-1/2"]
[WhiteElo "2004"]
[BlackElo "2203"]
[Annotator ""]
[Source ""]
[Remark ""]

1.d4 Nf6 2.Nf3 c5 3.g3 cxd4 4.Nxd4 d5 5.Bg2 e5 6.Nf3 Nc6 7.O-O
h6 8.b3 Be6 9.Bb2 Bd6 10.e3 O-O 11.Qe2 Qd7 12.Rd1 Bg4 13.h3 Bxh3
14.e4 d4 15.c3 Bg4 16.cxd4 exd4 17.Bxd4 Nxd4 18.Rxd4 Qe7 19.Nc3
Be5 20.Rd3 Rfe8 21.Re1 Bxc3 22.Rxc3 Nxe4 23.Re3 f5 24.Qc4+ Qf7
25.Nh2 Bh5 26.g4 Qxc4 27.bxc4 Bf7 28.gxf5 Nc5 29.Ng4 Rad8 30.Ne5
Rd2 31.Nxf7 Rxe3 32.Nxh6+ gxh6 33.Rxe3 1/2-1/2

[Event "Moscow Open 2009 A"]
[Site ""]
[Date "2009.02.08"]
[Round "9.128"]
[White "Masekhin, Maxim"]
[Black "Denisov, Ivan"]
[Result "0-1"]
[WhiteElo "1400"]
[BlackElo "2193"]
[Annotator ""]
[Source ""]
[Remark ""]

1.d4 Nf6 2.Nf3 e6 3.Bf4 b6 4.e3 Bb7 5.Bd3 Be7 6.h3 O-O 7.Nbd2
Nh5 8.Bxh7+ Kxh7 9.Ng5+ Bxg5 10.Qxh5+ Bh6 11.Bxh6 gxh6 12.Rg1
Qg5 13.Qe2 Rg8 14.O-O-O Nc6 15.f4 Qg6 16.g4 Nb4 17.Nc4 Bf3 18.f5
Bxe2 19.fxg6+ fxg6 20.Ne5 Bxd1 21.Kxd1 d6 22.Nd7 Kg7 23.g5 hxg5
24.Rf1 0-1

[Event "Moscow Open 2009 A"]
[Site ""]
[Date "2009.02.08"]
[Round "9.129"]
[White "Matjukhin, Anatolij"]
[Black "Skvortsov, Mikhail S"]
[Result "1-0"]
[WhiteElo "1400"]
[BlackElo "2373"]
[Annotator ""]
[Source ""]
[Remark ""]

1.d4 d5 2.Nc3 Bf5 3.Bf4 c6 4.Qd2 Nf6 5.f3 Nh5 6.Bxb8 Rxb8 7.g4
e5 8.gxf5 Qh4+ 9.Kd1 exd4 10.Nh3 Bb4 11.Rb1 dxc3 12.Qe3+ Qe7
13.Qxe7+ Kxe7 14.b3 Kf6 15.e4 dxe4 16.fxe4 Rbd8+ 17.Bd3 Rhe8
18.Ke2 h6 19.a4 Bd6 20.Rhg1 Bc5 21.Rgf1 Rd4 22.Kf3 g5 23.fxg6
fxg6 24.Ke2+ Ke5 1-0

[Event "Moscow Open 2009 A"]
[Site ""]
[Date "2009.02.08"]
[Round "9.130"]
[White "Galiaev, Andrey"]
[Black "Nefedov, Oleg"]
[Result "1-0"]
[WhiteElo "2288"]
[BlackElo "1400"]
[Annotator ""]
[Source ""]
[Remark ""]

1.e4 c6 2.d4 d5 3.exd5 cxd5 4.c4 Nf6 5.Nc3 Be6 6.Bg5 Ne4 7.Nxe4
dxe4 8.d5 Bd7 9.Qd4 h6 10.Bf4 f5 11.Be2 Rg8 12.Bd1 Na6 13.g4
g5 14.gxf5 Bxf5 15.Bh5+ Kd7 16.Qe5 gxf4 17.Qxf5+ Kc7 18.Qxf4+
Qd6 19.Ne2 Rg5 20.Qxd6+ exd6 21.Ng3 Bg7 22.h4 Bxb2 23.hxg5 Bxa1
24.gxh6 Bd4 25.Bg6 Kd7 26.Bxe4 1-0

[Event "Moscow Open 2009 A"]
[Site ""]
[Date "2009.02.08"]
[Round "9.132"]
[White "Bochkov, Mikhail"]
[Black "Mukashev, Assan"]
[Result "1/2-1/2"]
[WhiteElo "1400"]
[BlackElo "2071"]
[Annotator ""]
[Source ""]
[Remark ""]

1.c4 c5 2.Nc3 Nf6 3.e4 d6 4.g3 Nc6 5.Bg2 Nd4 6.h3 e5 7.Nge2 Be6
8.d3 Qd7 9.f4 g6 10.g4 exf4 11.Bxf4 Nc6 12.Bg5 Bg7 13.Nf4 Ne7
14.Nxe6 fxe6 15.Qd2 1/2-1/2

[Event "Moscow Open 2009 A"]
[Site ""]
[Date "2009.02.08"]
[Round "9.133"]
[White "Kim, Timur"]
[Black "Terekhov, Konstantin"]
[Result "0-1"]
[WhiteElo "2010"]
[BlackElo "2228"]
[Annotator ""]
[Source ""]
[Remark ""]

1.d4 Nf6 2.Nf3 g6 3.c4 c5 4.d5 b5 5.cxb5 a6 6.b6 Qxb6 7.Nc3 d6
8.e4 Bg4 9.Be2 Bxf3 10.Bxf3 Bg7 11.Qc2 O-O 12.O-O Nbd7 13.a4
Ne5 14.Be2 Rfb8 15.a5 Qb3 16.Qxb3 Rxb3 17.f3 Ne8 18.Na4 Nd7 19.Bd1
Rb5 20.Nc3 Rb4 21.Ba4 Ne5 22.Nd1 Nc4 23.Ra2 Nc7 24.b3 Bd4+ 25.Kh1
Ne5 26.Bd2 Rbb8 27.Bc3 0-1

[Event "Moscow Open 2009 A"]
[Site ""]
[Date "2009.02.08"]
[Round "9.135"]
[White "Jakovlev, Alexander"]
[Black "Popilski, Mordechai"]
[Result "0-1"]
[WhiteElo "1957"]
[BlackElo "1400"]
[Annotator ""]
[Source ""]
[Remark ""]

1.e4 d6 2.d4 Nf6 3.Nc3 g6 4.g3 Bg7 5.Bg2 O-O 6.Nge2 e5 7.d5 Nh5
8.f3 f5 9.exf5 gxf5 10.O-O c5 11.Be3 Bd7 12.Qd2 b5 {íåÿñíàÿ çàïèñü} 0-1

[Event "Moscow Open 2009 A"]
[Site ""]
[Date "2009.02.08"]
[Round "9.136"]
[White "Kapustin, Nikolay"]
[Black "Dambiev, Fedor"]
[Result "1-0"]
[WhiteElo "1678"]
[BlackElo "1400"]
[Annotator ""]
[Source ""]
[Remark ""]

1.c4 Nf6 2.Nf3 g6 3.b3 Bg7 4.Bb2 O-O 5.g3 d6 6.Bg2 Nc6 7.O-O
e5 8.a3 Ne7 9.Qc2 Bf5 10.d3 c6 11.e4 Bg4 12.Nbd2 Rc8 13.h3 Be6
14.Ng5 Bd7 15.f4 Nh5 16.fxe5 Qb6+ 17.c5 Qxc5+ 18.Qxc5 dxc5 19.Kh2
h6 20.Ngf3 Bh8 21.Nc4 Be6 22.Bc1 g5 23.Rb1 Ng6 24.Bb2 Rc7 25.Ba1
Re7 26.Ng1 Bxc4 27.bxc4 Nxe5 28.g4 Nf4 29.Bxe5 Bxe5 30.Kh1 Nxd3
31.Rf5 Bf4 32.Ne2 Be3 33.Rb3 Rd8 34.Rf1 Nf4 35.Rxe3 Nxe2 36.Rxe2 1-0